000 00271nam a22001097a 4500
999 _c13626
_d13626
082 _a954.91
100 _aمحمود شام
245 _aمملکت اے مملکت
260 _aکراچی
_bویلکم بک پورٹ
_c٢٠٠٧
300 _a٣٥٠ صفحات
942 _cBK